[Event "FIDE Grand Swiss Women"]
[Site "Riga LAT"]
[Date "2021.10.29"]
[Round "3.6"]
[White "Javakhishvili, Lela"]
[Black "Shuvalova, Polina"]
[Result "1-0"]
[WhiteTitle "IM"]
[BlackTitle "IM"]
[WhiteElo "2446"]
[BlackElo "2509"]
[WhiteFideId "13601458"]
[BlackFideId "24171760"]
[EventDate "2021.10.27"]

1. d4 Nf6 2. c4 e6 3. Nf3 d5 4. Nc3 h6 5. g3 Bd6 6. Bg2 O-O 7. O-O Nc6 8. b3
dxc4 9. bxc4 e5 10. d5 Na5 11. Qa4 b6 12. c5 Bxc5 13. Nxe5 Re8 14. Nd3 Bd7 15.
Qc2 Bf5 16. Bb2 Bd4 17. Rad1 Nc4 18. Ba1 Nd6 19. e3 Bxc3 20. Qxc3 Be4 21. f3
Bxd5 22. e4 Bc4 23. Rfe1 Qd7 24. Nf4 Qc6 25. e5 Nb5 26. Qc1 g5 27. Nd3 Nd5 28.
a4 Nbc3 29. Bxc3 Bb3 30. Ba1 Qxa4 31. Rd2 c5 32. Nf2 Nb4 33. e6 1-0

[Event "FIDE Grand Swiss Women"]
[Site "Riga LAT"]
[Date "2021.10.29"]
[Round "3.9"]
[White "Kashlinskaya, Alina"]
[Black "Cyfka, Karina"]
[Result "1-0"]
[WhiteTitle "IM"]
[BlackTitle "IM"]
[WhiteElo "2493"]
[BlackElo "2409"]
[WhiteFideId "4198026"]
[BlackFideId "1122681"]
[EventDate "2021.10.27"]

1. d4 Nf6 2. c4 e6 3. Nf3 d5 4. Nc3 c5 5. cxd5 cxd4 6. Qxd4 exd5 7. e4 dxe4 8.
Qxd8+ Kxd8 9. Ng5 Be6 10. Nxe6+ fxe6 11. Bg5 Ke8 12. Bb5+ Kf7 13. O-O-O a6 14.
Ba4 b5 15. Bb3 Nc6 16. Bxf6 gxf6 17. Nxe4 Ne5 18. Kb1 Rc8 19. f4 Nc4 20. Rd7+
Kg6 21. g4 h5 22. Bc2 hxg4 23. Nd6+ f5 24. Nxc8 Bc5 25. Re1 Kf6 26. Na7 Rxh2 27.
Nc6 g3 28. Nd8 Be3 29. Rf7+ Kg6 30. Rf8 Nd2+ 31. Ka1 Nc4 32. Bd3 g2 33. Nxe6 Nd6
34. Rg8+ Kf6 35. Rxe3 Rh1+ 36. Bb1 g1=Q 37. Rxg1 Rxg1 38. Ng5 Nc4 39. Re6+ Kg7
40. Re2 Rd1 41. Nf3 Rf1 42. Nd4 Kf6 43. Nxf5 Rxf4 44. Ne3 Nb6 45. a3 a5 46. Rc2
Ke5 47. Rc5+ Kd4 48. Rxb5 1-0

[Event "FIDE Grand Swiss Women"]
[Site "Riga LAT"]
[Date "2021.10.29"]
[Round "3.10"]
[White "Sukandar, Irine Kharisma"]
[Black "Saduakassova, Dinara"]
[Result "1/2-1/2"]
[WhiteTitle "IM"]
[BlackTitle "IM"]
[WhiteElo "2406"]
[BlackElo "2491"]
[WhiteFideId "7101937"]
[BlackFideId "13700090"]
[EventDate "2021.10.27"]

1. e4 e5 2. Nf3 Nc6 3. d4 exd4 4. Nxd4 Nf6 5. Nc3 Bb4 6. Nxc6 bxc6 7. Bd3 d5 8.
Bd2 O-O 9. O-O Bxc3 10. Bxc3 dxe4 11. Bxf6 Qxf6 12. Bxe4 Qxb2 13. Bxc6 Rb8 14.
Rb1 Qxb1 15. Qxb1 Rxb1 16. Rxb1 Rd8 17. h3 Kf8 18. Be4 Ke7 19. Bd3 Rd6 20. Rb3
h6 21. Kf1 Rb6 22. Ra3 a6 23. Ke2 Bb7 24. f3 Bd5 25. Ra5 Bb7 26. Ra3 Bd5 27.
Rxa6 Rxa6 28. Bxa6 Bxa2 29. Ke3 Kd6 30. Kd4 c5+ 31. Ke4 1/2-1/2

[Event "FIDE Grand Swiss Women"]
[Site "Riga LAT"]
[Date "2021.10.29"]
[Round "3.11"]
[White "Danielian, Elina"]
[Black "Garifullina, Leya"]
[Result "1/2-1/2"]
[WhiteTitle "GM"]
[BlackTitle "WGM"]
[WhiteElo "2450"]
[BlackElo "2409"]
[WhiteFideId "13300210"]
[BlackFideId "34127035"]
[EventDate "2021.10.27"]

1. d4 Nf6 2. c4 e6 3. Nc3 Bb4 4. Qc2 O-O 5. a3 Bxc3+ 6. Qxc3 d5 7. Nf3 dxc4 8.
Qxc4 b6 9. Bg5 Bb7 10. Rd1 Bd5 11. Qd3 c5 12. Ne5 h6 13. Bh4 cxd4 14. Qxd4 Nc6
15. Nxc6 Bxc6 16. Qc3 Bd5 17. Qe5 Nd7 18. Qd4 Nf6 19. Qe5 Nd7 20. Qd4 Nf6 21.
Qe5 Nd7 22. Qd4 Nf6 23. Qe5 Nd7 1/2-1/2

[Event "FIDE Grand Swiss Women"]
[Site "Riga LAT"]
[Date "2021.10.29"]
[Round "3.12"]
[White "Sargsyan, Anna M."]
[Black "Arabidze, Meri"]
[Result "1-0"]
[WhiteTitle "WGM"]
[BlackTitle "IM"]
[WhiteElo "2402"]
[BlackElo "2441"]
[WhiteFideId "13308130"]
[BlackFideId "13604040"]
[EventDate "2021.10.27"]

1. e4 e5 2. Nf3 Nc6 3. Bc4 Bc5 4. d3 Nf6 5. c3 O-O 6. Nbd2 d6 7. h3 a5 8. Nf1
Ne7 9. Ng3 Ng6 10. O-O c6 11. Bb3 Ba7 12. d4 h6 13. Be3 Qc7 14. Qd2 Kh7 15. Bc2
Re8 16. Rfe1 b5 17. a4 Rb8 18. axb5 cxb5 19. Nf5 Ng8 20. h4 Bb6 21. Rad1 Be6 22.
h5 Nf8 23. dxe5 dxe5 24. Nd6 Red8 25. Nxe5 Ne7 26. Nf3 Kg8 27. e5 Bg4 28. Bxh6
Ne6 29. Bxg7 Kxg7 30. h6+ Kf8 31. h7 Kg7 32. Ng5 Qc5 33. Nxe6+ Bxe6 34. Qg5+ Ng6
35. Qf6+ Kxh7 36. Bxg6+ fxg6 37. Rd4 1-0

[Event "FIDE Grand Swiss Women"]
[Site "Riga LAT"]
[Date "2021.10.29"]
[Round "3.14"]
[White "Zawadzka, Jolanta"]
[Black "Socko, Monika"]
[Result "1-0"]
[WhiteTitle "WGM"]
[BlackTitle "GM"]
[WhiteElo "2428"]
[BlackElo "2397"]
[WhiteFideId "1122320"]
[BlackFideId "1106619"]
[EventDate "2021.10.27"]

1. e4 e6 2. d4 d5 3. Nc3 Bb4 4. exd5 exd5 5. Bd3 Nc6 6. Nf3 Bg4 7. O-O Nge7 8.
h3 Bh5 9. a3 Bxc3 10. bxc3 Qd7 11. a4 h6 12. Re1 O-O-O 13. Bb5 f6 14. Ba3 Bxf3
15. Qxf3 Rhe8 16. Rxe7 Rxe7 17. Bxc6 bxc6 18. Qd3 Rde8 19. Qa6+ Kd8 20. Bxe7+
Rxe7 21. Qxa7 Qf5 22. a5 Qxc2 23. Qb8+ Kd7 24. a6 Qxc3 25. Qb1 Re8 26. a7 Ra8
27. Ra4 Qd2 28. g3 Qe2 29. Ra3 Kc8 30. Re3 Qh5 31. Qb4 Qf7 32. Rb3 Kd7 33. Qb8
Qh5 34. Qxa8 Qd1+ 35. Kg2 Qxb3 36. Qf8 1-0

[Event "FIDE Grand Swiss Women"]
[Site "Riga LAT"]
[Date "2021.10.29"]
[Round "3.19"]
[White "Melia, Salome"]
[Black "Girya, Olga"]
[Result "1/2-1/2"]
[WhiteTitle "IM"]
[BlackTitle "GM"]
[WhiteElo "2371"]
[BlackElo "2410"]
[WhiteFideId "13602446"]
[BlackFideId "4195752"]
[EventDate "2021.10.27"]

1. e4 e5 2. Nf3 Nc6 3. Bc4 Bc5 4. c3 Nf6 5. d4 exd4 6. e5 d5 7. Bb5 Ne4 8. cxd4
Bb6 9. Nc3 O-O 10. Be3 Bg4 11. h3 Bh5 12. O-O Nxd4 13. Bxd4 Bxf3 14. gxf3 Qg5+
15. Kh1 Qf5 16. fxe4 Qxh3+ 17. Kg1 Bxd4 18. Qxd4 Qg4+ 19. Kh2 Qh4+ 20. Kg2 Qg4+
21. Kh2 Qh4+ 22. Kg2 Qg4+ 23. Kh2 1/2-1/2

[Event "FIDE Grand Swiss Women"]
[Site "Riga LAT"]
[Date "2021.10.30"]
[Round "4.1"]
[White "Paehtz, Elisabeth"]
[Black "Dzagnidze, Nana"]
[Result "1/2-1/2"]
[WhiteTitle "IM"]
[BlackTitle "GM"]
[WhiteElo "2475"]
[BlackElo "2524"]
[WhiteFideId "4641833"]
[BlackFideId "13601903"]
[EventDate "2021.10.27"]

1. e4 c6 2. Nf3 d5 3. Nc3 g6 4. d4 Bg7 5. h3 Nh6 6. Bd3 O-O 7. Qe2 b5 8. a3 dxe4
9. Nxe4 Nf5 10. c3 Nd7 11. O-O e5 12. dxe5 Nxe5 13. Nxe5 Bxe5 14. Bg5 f6 15. Bd2
Be6 16. a4 Bd5 17. axb5 cxb5 18. Rfd1 Qe7 19. Re1 a6 20. c4 Nd4 21. Qf1 bxc4 22.
Bxc4 Qf7 23. Bxd5 Qxd5 24. Bc3 Nb5 25. Rad1 Qc6 26. Bxe5 fxe5 27. Rc1 Qb6 28.
Rc5 Nd6 29. Rc2 Nxe4 30. Qc4+ Kg7 31. Qxe4 Rae8 32. Qd5 Qf6 33. Re4 Rf7 34. f3
Qb6+ 35. Kh2 Rfe7 36. Rd2 Qb8 37. Qc6 Qb7 38. Qd6 Re6 39. Qd7+ Qxd7 40. Rxd7+
R8e7 41. Rxe7+ 1/2-1/2

[Event "FIDE Grand Swiss Women"]
[Site "Riga LAT"]
[Date "2021.10.30"]
[Round "4.2"]
[White "Zhu, Jiner"]
[Black "Harika, Dronavalli"]
[Result "1/2-1/2"]
[WhiteTitle "WGM"]
[BlackTitle "GM"]
[WhiteElo "2455"]
[BlackElo "2511"]
[WhiteFideId "8608059"]
[BlackFideId "5015197"]
[EventDate "2021.10.27"]

1. e4 e5 2. Nf3 Nc6 3. Bb5 a6 4. Ba4 Bc5 5. O-O Nge7 6. Nxe5 Nxe5 7. d4 b5 8.
Bb3 Bxd4 9. Qxd4 d6 10. c3 c5 11. Qd1 c4 12. Bc2 O-O 13. f4 Ng4 14. Qf3 d5 15.
h3 Nf6 16. e5 Ne4 17. Bxe4 dxe4 18. Qxe4 Bf5 19. Qf3 Ra7 20. Nd2 Rd7 21. Ne4 Rd3
22. Be3 Bxe4 23. Qxe4 Qd5 24. Qxd5 Nxd5 25. Bd4 Rd2 26. Rab1 Re8 27. f5 Ne7 28.
Rbe1 Nc6 29. Rf2 Rd3 30. Rf4 Rd2 31. Rf2 Rd3 32. Re4 Rd8 33. e6 Nxd4 34. e7 Re8
35. cxd4 f6 36. Rfe2 Kf7 37. Kf2 a5 38. Ke1 b4 39. Rc2 c3 40. bxc3 bxc3 41. Ke2
Rg3 42. Kf2 Rd3 43. Rce2 g6 44. fxg6+ hxg6 45. R4e3 Rxd4 46. Rxc3 Rxe7 47. Rxe7+
Kxe7 48. Ke3 Ra4 49. a3 Kd6 50. g3 f5 51. Rd3+ Ke5 52. Kf3 g5 53. Rb3 Ke6 54.
Rb6+ Ke5 55. Rb5+ Ke6 56. Rb6+ Ke5 57. Rb5+ Ke6 58. Rb6+ 1/2-1/2

[Event "FIDE Grand Swiss Women"]
[Site "Riga LAT"]
[Date "2021.10.30"]
[Round "4.3"]
[White "Lei, Tingjie"]
[Black "Gunina, Valentina"]
[Result "1-0"]
[WhiteTitle "GM"]
[BlackTitle "GM"]
[WhiteElo "2505"]
[BlackElo "2462"]
[WhiteFideId "8605114"]
[BlackFideId "4167570"]
[EventDate "2021.10.27"]

1. e4 c6 2. Nf3 d5 3. d3 Qc7 4. Nc3 dxe4 5. dxe4 e5 6. Bc4 b5 7. Bb3 h6 8. Qe2
Nf6 9. a4 b4 10. Nd1 Bc5 11. Bc4 Nbd7 12. b3 Bd6 13. Bb2 Nc5 14. Nd2 O-O 15. f3
Ne6 16. Bxe6 Bxe6 17. Nc4 Nh5 18. g3 Rad8 19. Nde3 Bc5 20. Nxe5 Rfe8 21. Nd3 Bb6
22. O-O-O f5 23. e5 c5 24. g4 fxg4 25. fxg4 c4 26. Nxc4 Nf6 27. Nd6 Bxb3 28.
Nxe8 Rxe8 29. Nxb4 a5 30. Qf3 Bf7 31. Qc6 Qxc6 32. Nxc6 Nxg4 33. Bd4 Bc7 34.
Rhg1 Be6 35. Rd2 h5 36. Na7 Bd8 37. h3 Nh6 38. Rd3 Nf5 39. Nc6 Bc7 40. Bc3 Bb6
41. Rf1 Ne3 42. Bxa5 Nxf1 43. Bxb6 h4 44. Bd8 Ng3 45. Bxh4 Nf5 46. Bg5 Bc4 47.
Rd8 Rxd8 48. Nxd8 Nd4 49. Kb2 Nf3 50. Bf4 g5 51. Be3 Bf1 52. e6 Kf8 53. a5 Ke7
54. Bb6 Bxh3 55. a6 Ne5 56. Kc3 Bg2 57. Kd4 Ng6 58. Kc5 Ba8 59. Nb7 Kxe6 60. Bd8
g4 61. Kb6 Ne5 62. Ka7 Nc6+ 63. Kxa8 Kd7 64. Bh4 Kc7 65. Bf2 Nb4 66. a7 Kc8 67.
Nd6+ Kc7 68. c4 Na6 69. Nb5+ Kc8 70. Bb6 g3 71. Nd6+ Kd7 72. Kb7 1-0

[Event "FIDE Grand Swiss Women"]
[Site "Riga LAT"]
[Date "2021.10.30"]
[Round "4.4"]
[White "Pogonina, Natalija"]
[Black "Batsiashvili, Nino"]
[Result "1/2-1/2"]
[WhiteTitle "WGM"]
[BlackTitle "GM"]
[WhiteElo "2467"]
[BlackElo "2484"]
[WhiteFideId "4147855"]
[BlackFideId "13602993"]
[EventDate "2021.10.27"]

1. d4 d5 2. Nf3 Nf6 3. g3 e6 4. Bg2 Be7 5. c4 O-O 6. O-O dxc4 7. Qc2 b5 8. a4
Bb7 9. axb5 a6 10. Nc3 axb5 11. Rxa8 Bxa8 12. Nxb5 Bd5 13. Nc3 Bxf3 14. Bxf3
Qxd4 15. Be3 Qe5 16. Rd1 Nbd7 17. Qa4 Nb6 18. Bxb6 cxb6 19. Qxc4 Qc5 20. Qb3 Rd8
21. Rxd8+ Bxd8 22. Qa4 g6 23. Qa8 Qf8 24. Qb7 Qe7 25. Qc6 Qc7 26. Qa8 Kg7 27.
Kg2 Be7 28. Qa4 Qc5 29. Qb3 Qd4 30. e3 Qd6 1/2-1/2

[Event "FIDE Grand Swiss Women"]
[Site "Riga LAT"]
[Date "2021.10.30"]
[Round "4.5"]
[White "Abdumalik, Zhansaya"]
[Black "Javakhishvili, Lela"]
[Result "1/2-1/2"]
[WhiteTitle "GM"]
[BlackTitle "IM"]
[WhiteElo "2507"]
[BlackElo "2446"]
[WhiteFideId "13703544"]
[BlackFideId "13601458"]
[EventDate "2021.10.27"]

1. e4 c5 2. Nf3 a6 3. Nc3 b5 4. d4 cxd4 5. Nxd4 Bb7 6. Bd3 e6 7. O-O Nc6 8. Be3
Ne5 9. f4 Nxd3 10. cxd3 Nf6 11. a3 Be7 12. Kh1 d6 13. b4 O-O 14. Nb3 Rc8 15. Rc1
Qd7 16. Qe2 Rfe8 17. Rc2 Bf8 18. Rfc1 e5 19. fxe5 Rxe5 20. Bd4 Rg5 21. Na5 Ba8
22. Nd5 Rxc2 23. Nxf6+ gxf6 24. Qxc2 Qg4 25. h3 Qf4 26. Nb3 f5 27. Qc8 Qg3 28.
Rg1 Qxd3 29. Qxa8 Rg3 30. Nc5 Qxd4 31. Nd7 Qg7 32. exf5 f6 33. Nxf8 Qxf8 34.
Qxa6 Qe7 35. Rc1 Rxh3+ 36. gxh3 Qe4+ 37. Kh2 Qe2+ 38. Kg3 Qe3+ 39. Kg2 Qe2+ 40.
Kg3 1/2-1/2

[Event "FIDE Grand Swiss Women"]
[Site "Riga LAT"]
[Date "2021.10.30"]
[Round "4.6"]
[White "Kosteniuk, Alexandra"]
[Black "Assaubayeva, Bibisara"]
[Result "1-0"]
[WhiteTitle "GM"]
[BlackTitle "IM"]
[WhiteElo "2518"]
[BlackElo "2400"]
[WhiteFideId "4128125"]
[BlackFideId "13708694"]
[EventDate "2021.10.27"]

1. e4 c5 2. Nf3 d6 3. d4 cxd4 4. Nxd4 Nf6 5. Nc3 a6 6. g3 g6 7. Bg2 Bg7 8. O-O
O-O 9. h3 Nc6 10. Be3 Rb8 11. b3 Qc7 12. Nde2 e6 13. Qd2 b5 14. Rad1 Rd8 15. Bg5
b4 16. Na4 Bb7 17. Qf4 Qe7 18. Rd2 Ne5 19. c4 h6 20. Bxf6 Bxf6 21. Qe3 Bc6 22.
Nb2 Ba8 23. Rfd1 Nc6 24. Na4 h5 25. f4 h4 26. Rd3 hxg3 27. Qxg3 Kh7 28. Qg4 Bh4
29. Bf3 a5 30. Kh2 e5 31. f5 Qf6 32. fxg6+ fxg6 33. Bg2 Kg7 34. c5 Nd4 35. Nxd4
exd4 36. Rxd4 dxc5 37. Rd7+ Rxd7 38. Rxd7+ Kh6 39. Nxc5 Qe5+ 40. Kh1 Bf2 41. Ne6
Bc6 42. Rd2 Bg3 43. Rd3 Bf2 44. h4 Re8 45. Nd8 1-0

[Event "FIDE Grand Swiss Women"]
[Site "Riga LAT"]
[Date "2021.10.30"]
[Round "4.11"]
[White "Muzychuk, Mariya"]
[Black "Osmak, Iulija"]
[Result "1/2-1/2"]
[WhiteTitle "GM"]
[BlackTitle "IM"]
[WhiteElo "2536"]
[BlackElo "2423"]
[WhiteFideId "14114550"]
[BlackFideId "14101602"]
[EventDate "2021.10.27"]

1. e4 e6 2. d4 d5 3. Nc3 Nf6 4. e5 Nfd7 5. f4 c5 6. Nf3 Nc6 7. Be3 a6 8. Qd2 b5
9. dxc5 Bxc5 10. Bxc5 Nxc5 11. Nd4 Nxd4 12. Qxd4 Qb6 13. a4 bxa4 14. Nxa4 Nxa4
15. Rxa4 Qxd4 16. Rxd4 Bd7 17. Kd2 Ke7 18. Bd3 Bb5 19. Ra1 Rhc8 20. Rb4 Bxd3 21.
Rb7+ Ke8 22. Kxd3 Rab8 23. Rxb8 Rxb8 24. b3 Rb6 25. g4 Kd7 26. h4 h6 27. h5 f6
28. exf6 gxf6 29. g5 fxg5 30. fxg5 hxg5 31. h6 Ke7 32. h7 Rb8 33. Rxa6 Kf6 34.
Ra7 g4 35. b4 e5 36. b5 g3 37. Ke3 e4 38. b6 Kg6 39. c3 Rf8 40. b7 g2 41. Ra1
Rf1 42. Rxf1 gxf1=Q 43. h8=Q Qd3+ 44. Kf2 Qd2+ 45. Kg3 Qe3+ 46. Kg2 Qg5+ 47. Kh2
Qf4+ 48. Kg2 Qf3+ 49. Kh2 Qf2+ 50. Kh3 Qf1+ 51. Kh2 Qf2+ 1/2-1/2

[Event "FIDE Grand Swiss Women"]
[Site "Riga LAT"]
[Date "2021.10.30"]
[Round "4.16"]
[White "Garifullina, Leya"]
[Black "Arabidze, Meri"]
[Result "1/2-1/2"]
[WhiteTitle "WGM"]
[BlackTitle "IM"]
[WhiteElo "2409"]
[BlackElo "2441"]
[WhiteFideId "34127035"]
[BlackFideId "13604040"]
[EventDate "2021.10.27"]

1. e4 c5 2. Nf3 e6 3. d4 cxd4 4. Nxd4 a6 5. Bd3 Nf6 6. Qe2 e5 7. Nb3 Nc6 8. O-O
d6 9. c4 Be7 10. Nc3 O-O 11. h3 Be6 12. Nd5 Nd7 13. Be3 a5 14. Qd2 a4 15. Nc1 h6
16. Ne2 Bg5 17. Nec3 Nc5 18. Rad1 Bxe3 19. Qxe3 Bxd5 20. exd5 Nb4 21. Bb1 f5 22.
a3 Nba6 23. f4 e4 24. Rf2 Qd7 25. Kh2 Nc7 26. Rg1 Rae8 27. Bc2 Re7 28. Qd4 Qe8
29. Qd1 Qf7 30. Nxa4 e3 31. Re2 Nxa4 32. Bxa4 g5 33. Bc2 Qf6 34. Rf1 Qxb2 35.
Bxf5 Qc3 36. Be6+ Nxe6 37. dxe6 Rxf4 38. Rxf4 gxf4 39. Qxd6 Qf6 40. c5 Kg7 41.
c6 Rxe6 42. Qd7+ Re7 43. Qg4+ Qg5 44. cxb7 Rxb7 45. g3 Qxg4 46. hxg4 Rd7 47. Kg2
Rd2 48. Kf3 fxg3 49. Rxe3 g2 50. Re1 Ra2 51. Rg1 Rxa3+ 52. Kxg2 1/2-1/2

[Event "FIDE Grand Swiss Women"]
[Site "Riga LAT"]
[Date "2021.10.30"]
[Round "4.17"]
[White "Cyfka, Karina"]
[Black "Munguntuul, Batkhuyag"]
[Result "0-1"]
[WhiteTitle "IM"]
[BlackTitle "IM"]
[WhiteElo "2409"]
[BlackElo "2433"]
[WhiteFideId "1122681"]
[BlackFideId "4900758"]
[EventDate "2021.10.27"]

1. d4 d5 2. c4 c6 3. Nf3 Nf6 4. Nc3 e6 5. Qd3 dxc4 6. Qxc4 b5 7. Qd3 b4 8. Na4
Qa5 9. b3 Ba6 10. Qc2 Nbd7 11. e4 Bxf1 12. Kxf1 c5 13. d5 exd5 14. exd5 Be7 15.
Bg5 O-O 16. Rd1 Rfd8 17. d6 Bf8 18. Nd2 c4 19. h4 cxb3 20. axb3 h6 21. Nc4 Qb5
22. Bf4 Nd5 23. Bg3 N7b6 24. Nb2 Bxd6 25. Bxd6 Rxd6 26. Kg1 Rf6 27. Rh3 Nc3 28.
Re1 Nbd5 29. Ne3 Nf4 30. Rg3 Nfe2+ 31. Kh2 Nxg3 32. fxg3 Re8 33. Nbc4 Rfe6 34.
Qd2 Qc5 35. Qd7 Nd5 36. Nxd5 Rxe1 37. Nf4 h5 38. g4 Qg1+ 0-1

[Event "FIDE Grand Swiss Women"]
[Site "Riga LAT"]
[Date "2021.10.30"]
[Round "4.19"]
[White "Vaishali, R"]
[Black "Kamalidenova, Meruert"]
[Result "1-0"]
[WhiteTitle "WGM"]
[BlackTitle "WIM"]
[WhiteElo "2419"]
[BlackElo "2339"]
[WhiteFideId "5091756"]
[BlackFideId "13712802"]
[EventDate "2021.10.27"]

1. e4 c5 2. Nc3 d6 3. Bb5+ Bd7 4. Bxd7+ Qxd7 5. d4 cxd4 6. Qxd4 Nc6 7. Qd3 g6 8.
Nf3 Bg7 9. O-O Nf6 10. Nd5 O-O 11. Bg5 Ne8 12. Rad1 Nc7 13. Rfe1 Rfc8 14. c3 Ne6
15. Bh4 Qe8 16. b4 f6 17. Bg3 Qf7 18. a4 Bh6 19. a5 Nf8 20. a6 b6 21. h3 Rd8 22.
Qc4 Rac8 23. b5 e6 24. bxc6 exd5 25. exd5 f5 26. Qh4 f4 27. Qxh6 fxg3 28. fxg3
Re8 29. Ng5 Qg7 30. Qxg7+ Kxg7 31. Rxe8 Rxe8 32. Rf1 Re5 33. Nf7 Rxd5 34. c7 Rc5
35. Nxd6 1-0

[Event "FIDE Grand Swiss Women"]
[Site "Riga LAT"]
[Date "2021.10.30"]
[Round "4.21"]
[White "Buksa, Nataliya"]
[Black "Rogule, Laura"]
[Result "0-1"]
[WhiteTitle "IM"]
[BlackTitle "WGM"]
[WhiteElo "2409"]
[BlackElo "2289"]
[WhiteFideId "14123622"]
[BlackFideId "11601876"]
[EventDate "2021.10.27"]

1. e4 c5 2. Nf3 d6 3. Bb5+ Nd7 4. a4 Nf6 5. Nc3 e6 6. d4 cxd4 7. Qxd4 Be7 8. O-O
O-O 9. Rd1 e5 10. Qe3 Qc7 11. Qe2 h6 12. a5 Nc5 13. Bc4 Bg4 14. Nd5 Nxd5 15.
Bxd5 Ne6 16. Be3 a6 17. c3 Bg5 18. h3 Bh5 19. g4 Bxe3 20. fxe3 Bg6 21. Nh4 Qe7
22. Nxg6 fxg6 23. Qc4 Qh4 24. Bxe6+ Kh7 25. Rd2 Rf3 26. g5 Raf8 27. Kh1 d5 28.
Qd3 dxe4 29. Qc4 Rxe3 30. Rg1 Rff3 31. Rh2 Re1 32. Rg2 Rxg1+ 33. Kxg1 Qe1+ 34.
Kh2 Rf1 35. Bg8+ Kh8 36. Qxf1 Qxf1 37. Bd5 hxg5 38. Bxb7 e3 39. Rg1 e2 0-1

[Event "FIDE Grand Swiss Women"]
[Site "Riga LAT"]
[Date "2021.10.31"]
[Round "5.1"]
[White "Dzagnidze, Nana"]
[Black "Lei, Tingjie"]
[Result "1/2-1/2"]
[WhiteTitle "GM"]
[BlackTitle "GM"]
[WhiteElo "2524"]
[BlackElo "2505"]
[WhiteFideId "13601903"]
[BlackFideId "8605114"]
[EventDate "2021.10.27"]

1. c4 e5 2. Nc3 Nf6 3. Nf3 Nc6 4. e3 Bb4 5. Qc2 Bxc3 6. Qxc3 Qe7 7. a3 d5 8. d4
exd4 9. Nxd4 Nxd4 10. Qxd4 O-O 11. cxd5 Rd8 12. Bc4 Be6 13. O-O Bxd5 14. Qf4 Nh5
15. Qg4 Qe5 16. Be2 Nf6 17. Qg3 Qxg3 18. hxg3 Ne4 19. Bf3 Nc5 20. b4 Nb3 21. Rb1
Bxf3 22. Rxb3 Be2 23. Re1 Bb5 24. e4 c6 25. Be3 Rd7 26. g4 h6 27. Rc3 a5 28. e5
axb4 29. axb4 Rd3 30. Rcc1 Ra4 1/2-1/2

[Event "FIDE Grand Swiss Women"]
[Site "Riga LAT"]
[Date "2021.10.31"]
[Round "5.2"]
[White "Batsiashvili, Nino"]
[Black "Kosteniuk, Alexandra"]
[Result "1-0"]
[WhiteTitle "GM"]
[BlackTitle "GM"]
[WhiteElo "2484"]
[BlackElo "2518"]
[WhiteFideId "13602993"]
[BlackFideId "4128125"]
[EventDate "2021.10.27"]

1. Nf3 d5 2. d4 Nf6 3. c4 e6 4. Nc3 Bb4 5. Qa4+ Nc6 6. a3 Bxc3+ 7. bxc3 h6 8. e3
Bd7 9. Qc2 Na5 10. cxd5 exd5 11. a4 Ne4 12. Bd3 Nd6 13. O-O O-O 14. Ne5 Be8 15.
f3 f6 16. Ng4 Qc8 17. e4 dxe4 18. Nxh6+ gxh6 19. fxe4 Kg7 20. e5 Nac4 21. Qf2 f5
22. exd6 Nxd6 23. Bf4 Bg6 24. Qh4 Nf7 25. Rae1 Re8 26. Rxe8 Qxe8 27. Re1 Qxa4
28. Re7 Qa1+ 29. Bf1 h5 30. Be5+ Kf8 31. Rxc7 Qc1 32. Qe7+ Kg8 33. Qf6 1-0

[Event "FIDE Grand Swiss Women"]
[Site "Riga LAT"]
[Date "2021.10.31"]
[Round "5.3"]
[White "Harika, Dronavalli"]
[Black "Pogonina, Natalija"]
[Result "1/2-1/2"]
[WhiteTitle "GM"]
[BlackTitle "WGM"]
[WhiteElo "2511"]
[BlackElo "2467"]
[WhiteFideId "5015197"]
[BlackFideId "4147855"]
[EventDate "2021.10.27"]

1. e4 e5 2. Nf3 Nc6 3. Bc4 Nf6 4. d3 Bc5 5. c3 d6 6. O-O a6 7. a4 Ba7 8. Re1 O-O
9. h3 Re8 10. Nbd2 Be6 11. Bxe6 Rxe6 12. b4 Qd7 13. Nf1 d5 14. Qc2 Rd8 15. b5
Na5 16. exd5 Qxd5 17. Be3 Bxe3 18. Nxe3 Qb3 19. Qc1 Ree8 20. Nf5 h6 21. Nxe5 Qe6
22. Nd4 Qd5 23. Qf4 Nb3 24. Nxb3 Qxb3 25. Qc4 Qxc4 26. dxc4 a5 27. f4 Nh5 28. f5
Ng3 29. c5 Rd5 30. Nc4 Rxe1+ 31. Rxe1 1/2-1/2

[Event "FIDE Grand Swiss Women"]
[Site "Riga LAT"]
[Date "2021.10.31"]
[Round "5.4"]
[White "Kashlinskaya, Alina"]
[Black "Zhu, Jiner"]
[Result "0-1"]
[WhiteTitle "IM"]
[BlackTitle "WGM"]
[WhiteElo "2493"]
[BlackElo "2455"]
[WhiteFideId "4198026"]
[BlackFideId "8608059"]
[EventDate "2021.10.27"]

1. d4 Nf6 2. c4 e6 3. Nc3 Bb4 4. Qc2 O-O 5. a3 Bxc3+ 6. Qxc3 d5 7. Nf3 dxc4 8.
Qxc4 b6 9. Bg5 Ba6 10. Qa4 c5 11. dxc5 bxc5 12. h4 Qb6 13. Bxf6 gxf6 14. Rb1 Rd8
15. Rh3 Nc6 16. e3 Bb7 17. Be2 Qa5+ 18. Qxa5 Nxa5 19. Rg3+ Kf8 20. Rg4 c4 21. b4
cxb3 22. Ra4 Rac8 23. Rxa5 Be4 24. Ba6 Bxb1 25. Bxc8 Rxc8 26. Rb5 Rc1+ 27. Ke2
Bc2 28. Nd4 e5 29. Nxc2 Rxc2+ 30. Kd3 Rxf2 31. Rxb3 Rxg2 32. Rb7 a5 33. Ra7 Rh2
34. Rxa5 Rxh4 35. Ra8+ Kg7 36. a4 h5 37. a5 Ra4 38. Ke2 h4 39. Kf3 f5 40. a6 Ra2
41. a7 h3 42. Rb8 h2 43. Rb1 Rxa7 44. Kg2 Ra2+ 45. Kh1 Re2 46. Rb3 Kg6 47. Ra3
Kg5 48. Rb3 e4 49. Ra3 Kg4 50. Rb3 Kg3 51. Rb1 Rxe3 52. Rb3 Kf3 0-1

[Event "FIDE Grand Swiss Women"]
[Site "Riga LAT"]
[Date "2021.10.31"]
[Round "5.6"]
[White "Zawadzka, Jolanta"]
[Black "Saduakassova, Dinara"]
[Result "1-0"]
[WhiteTitle "WGM"]
[BlackTitle "IM"]
[WhiteElo "2428"]
[BlackElo "2491"]
[WhiteFideId "1122320"]
[BlackFideId "13700090"]
[EventDate "2021.10.27"]

1. e4 e5 2. Nf3 Nc6 3. Bb5 a6 4. Ba4 Nf6 5. Nc3 Bc5 6. O-O b5 7. Bb3 d6 8. Nd5
h6 9. c3 O-O 10. a4 Rb8 11. axb5 axb5 12. d4 Bb6 13. Nxb6 Rxb6 14. dxe5 dxe5 15.
Be3 Rb8 16. Bc5 Re8 17. Qe2 Be6 18. Rfd1 Qc8 19. Bd5 Bxd5 20. exd5 Ne7 21. Bxe7
Rxe7 22. Nd4 Re8 23. Nxb5 Rb6 24. d6 Qd7 25. dxc7 Qe7 26. Qd3 Qc5 27. b4 1-0